00435nam a2200121Ia 4500008004100000100001800041245005300059245007500112260004800187260001700235650002700252856003400279160809s9999 xx 000 0 und d aGholami, Ali. aAdvanced Cloud Privacy Threat Modeling Full Text cAli Gholami and Erwin Laure, KTH Royal Institute of Technology, Sweden bComputer Science and Information Technology cJanuary 2016 xINFORMATION TECHNOLOGY uhttp://airccse.org/V6N48.html